| 000 | 00905nam a2200265 a 4500 | ||
|---|---|---|---|
| 001 | 000020045 | ||
| 005 | 20200929170237.0 | ||
| 008 | 100716s1964 sp 001 e spa d | ||
| 040 |
_aDO-SdBNP _bspa _cBNPHU |
||
| 082 |
_a864.6 _bÓ77t, 1964 |
||
| 100 | 1 |
_aOrtega y Gasset, José, _d1883-1955. _95769 |
|
| 245 | 1 | 0 |
_aTríptico : _bMirabeau o el político. Kant. Goethe desde dentro / _cJosé Ortega y Gasset. |
| 250 | _a8a ed. | ||
| 260 |
_aMadrid : _bEspasa-Calpe, _c1964. |
||
| 300 |
_a178 p. ; _c18 cm. |
||
| 490 | 1 |
_aAustral. Verde: ensayos y filosofía _v181 |
|
| 500 | _aIncluye referencia biográfica del autor en la solapa. | ||
| 500 | _aIncluye índice de autores. | ||
| 650 | 4 |
_aEnsayos españoles _93095 |
|
| 650 | 4 |
_aLiteratura española _9632 |
|
| 650 | 4 |
_aFilosofía española _913658 |
|
| 830 | 0 |
_aAustral. _pVerde : ensayos y filosofía; _v181 _98733 |
|
| 910 | _aWM | ||
| 049 | _aBNGR | ||
| 999 |
_c19553 _d19553 |
||